<?xml version="1.0" encoding="UTF-8"?>
<record
    xmlns:xsi="http://www.w3.org/2001/XMLSchema-instance"
    xsi:schemaLocation="http://www.loc.gov/MARC21/slim http://www.loc.gov/standards/marcxml/schema/MARC21slim.xsd"
    xmlns="http://www.loc.gov/MARC21/slim">

  <leader>03216cam a2200301   4500500</leader>
  <controlfield tag="005">20260419004523.0</controlfield>
  <datafield tag="041" ind1=" " ind2=" ">
    <subfield code="a">fre</subfield>
  </datafield>
  <datafield tag="042" ind1=" " ind2=" ">
    <subfield code="a">dc</subfield>
  </datafield>
  <datafield tag="100" ind1="1" ind2="0">
    <subfield code="a">B&#xE9;liard, Aude</subfield>
    <subfield code="e">author</subfield>
  </datafield>
  <datafield tag="700" ind1="1" ind2="0">
    <subfield code="a">Eideliman, Jean-S&#xE9;bastien</subfield>
    <subfield code="e">author</subfield>
  </datafield>
  <datafield tag="245" ind1="0" ind2="0">
    <subfield code="a">Troubles dans les in&#xE9;galit&#xE9;s</subfield>
  </datafield>
  <datafield tag="260" ind1=" " ind2=" ">
    <subfield code="c">2026.
							</subfield>
  </datafield>
  <datafield tag="500" ind1=" " ind2=" ">
    <subfield code="a">81</subfield>
  </datafield>
  <datafield tag="520" ind1=" " ind2=" ">
    <subfield code="a">Cet article explore les liens entre positions sociales et trajectoires des enfants, lorsque ces derniers pr&#xE9;sentent des probl&#xE8;mes identifi&#xE9;s dans le registre de la sant&#xE9; mentale ou du handicap mental. &#xC0; partir d&#x2019;enqu&#xEA;tes ethnographiques, nous analysons les trajectoires des enfants en lien avec les usages des troubles et des qualifications qui se construisent autour d&#x2019;eux, notamment dans le cadre familial. Cette analyse sugg&#xE8;re que la production de trajectoires diff&#xE9;renci&#xE9;es ne doit pas &#xEA;tre automatiquement interpr&#xE9;t&#xE9;e dans le langage des in&#xE9;galit&#xE9;s. Celui-ci peut en effet abriter des formes de mis&#xE9;rabilisme ou de normativit&#xE9;, dans un domaine o&#xF9; les transformations des institutions sont rapides et o&#xF9; les hi&#xE9;rarchies de valeurs varient fortement selon les groupes sociaux et les contextes locaux. Notre approche th&#xE9;orique prend en compte la structure des capitaux, les dispositions incorpor&#xE9;es par les parents, les processus de socialisation et les configurations dans lesquelles les diff&#xE9;renciations sociales se d&#xE9;ploient. L&#x2019;opposition classique entre classes populaires et classes sup&#xE9;rieures se dissout alors en une multitude de fractions de classe qu&#x2019;il s&#x2019;agit de distinguer et de caract&#xE9;riser.</subfield>
  </datafield>
  <datafield tag="520" ind1=" " ind2=" ">
    <subfield code="a">This article explores the links between social positions and children&#x2019;s trajectories when the latter present problems identified in the register of mental health or mental disability. Based on ethnographic surveys, we analyse children&#x2019;s trajectories in relation to the uses of disorders and qualifications that are constructed around them, particularly within the family. Our analysis suggests that the production of differentiated trajectories should not automatically be interpreted in the language of inequalities. This language may indeed harbour forms of miserabilism or normativity, in an area where institutional transformations are rapid and where value hierarchies vary greatly according to social groups and local contexts. Our theoretical approach takes into account the structure of capital, the dispositions incorporated by parents, the processes of socialisation and the configurations in which social differentiation unfolds. In so doing, the classic opposition between working classes and upper classes dissolves into a multitude of class fractions that need to be distinguished and characterized.</subfield>
  </datafield>
  <datafield tag="690" ind1=" " ind2=" ">
    <subfield code="a">Enfance</subfield>
  </datafield>
  <datafield tag="690" ind1=" " ind2=" ">
    <subfield code="a">Famille</subfield>
  </datafield>
  <datafield tag="690" ind1=" " ind2=" ">
    <subfield code="a">Handicap mental</subfield>
  </datafield>
  <datafield tag="690" ind1=" " ind2=" ">
    <subfield code="a">In&#xE9;galit&#xE9;s sociales</subfield>
  </datafield>
  <datafield tag="690" ind1=" " ind2=" ">
    <subfield code="a">Sant&#xE9; mentale</subfield>
  </datafield>
  <datafield tag="690" ind1=" " ind2=" ">
    <subfield code="a">Intellectual disability</subfield>
  </datafield>
  <datafield tag="690" ind1=" " ind2=" ">
    <subfield code="a">Kinship</subfield>
  </datafield>
  <datafield tag="690" ind1=" " ind2=" ">
    <subfield code="a">Mental health</subfield>
  </datafield>
  <datafield tag="690" ind1=" " ind2=" ">
    <subfield code="a">Social inequalities</subfield>
  </datafield>
  <datafield tag="690" ind1=" " ind2=" ">
    <subfield code="a">Youth</subfield>
  </datafield>
  <datafield tag="786" ind1="0" ind2=" ">
    <subfield code="n">Soci&#xE9;t&#xE9;s contemporaines | 137-138 | 1 | 2026-03-30 | p. 143-171 | 1150-1944</subfield>
  </datafield>
  <datafield tag="856" ind1="4" ind2="1">
    <subfield code="u">https://shs.cairn.info/revue-societes-contemporaines-2025-1-2-page-143?lang=fr&amp;redirect-ssocas=7080</subfield>
  </datafield>
  <datafield tag="999" ind1=" " ind2=" ">
    <subfield code="c">2215539</subfield>
    <subfield code="d">2215539</subfield>
  </datafield>
</record>
